000 00377nam a2200145Ia 4500
005 20251222151331.0
008 251222s9999||||xx |||||||||||||| ||spa||
020 _a9786124553813
082 _a985/O72
100 _aOrrego Panagos, Juan Luis
245 0 _aLas Independencias desde la Perspectiva delos Actores Sociales
250 _a1ra. ed.
264 _bOEI
942 _cLIB
999 _c24085
_d24085